000 00845nam a2200253Ia 4500
003 OSt
005 20220923215326.0
006 a|||||r|||| 00| 0
007 ta
008 220922b |||||||| |||| 00| 0 hin d
024 _a177,773
037 _cTextual
040 _aARTS
_cARTS
_bhin
041 _2hin
_ahin
082 _aO152,1:g(Y15), L4
100 _aतिवारी, बल्ल्भदास
245 0 _aहिन्दी काव्य में नारी
246 _aHindī kāvya mean nārī
260 _aमथुरा
_b जवाहर पुस्तकालय
_c1974
300 _a664 पृ.
_ccm.
650 _aहिन्दी साहित्य
_9156264
942 _hO152,1:g(Y15), L4
_cTEXL
_2CC
999 _c331161
_d331161